000 00236nam a2200097Ia 4500
008 190216s9999||||xx |||||||||||||| ||und||
100 _aNarayanan R K
245 0 _aMalayalam-Swamiyum Changqadimarum
260 _bNbs Kottayam
942 _cBK
999 _c30327
_d30327